Parcs de la Serralada Litoral i Serralada de Marina / [Guió i redacció: Gonçal Luna ; Coordinació de continguts: Josep Melero, Jordi Hernández] Gonçal Luna ; Coordinació de continguts:

ISBN: 978-84-9803-231-4
Publicat: Barcelona : Diputació de Barcelona , 2007
Descripció física: 185 p. : il. col. ; 23 cm
Col·lecció: Guia dels parcs ; 6

MARC

LEADER 00000nam a2200000Ia 4500
001 19430
008 160829s2007 xx 000 0 cat d
020 |a 978-84-9803-231-4 
080 |a C-3-8 
245 |a Parcs de la Serralada Litoral i Serralada de Marina / [Guió i redacció:  |b  Gonçal Luna ; Coordinació de continguts:  |b  Josep Melero, Jordi Hernández] 
260 |a Barcelona :  |b Diputació de Barcelona,  |c 2007 
300 |a 185 p. :  |b  il. col. ;  |c 23 cm 
490 |a Guia dels parcs ; 6 
590 |a Bibliografia 
610 1 0 |a Parc de la Serralada Litoral (Catalunya)  |v Guies  |9 52710 
610 1 0 |a Parc de la Serralada de Marina (Catalunya)  |v Guies  |9 52709 
700 |a Luna, Gonçal  |9 456  |e autor 
700 |a Melero, Josep  |e coordinador  |9 34446 
700 1 |a Hernández, Jordi,  |d 1958-  |e coordinador  |9 39627 
901 |a Arxiu 
942 |n 1  |2 udc 
952 |0 0  |1 0  |4 0  |6 C38  |7 1  |9 50222  |a Arxiu  |b Arxiu  |d 2016-12-01  |l 0  |o C-3-8  |p 19430  |r 2016-12-01 00:00:00  |w 2016-12-01  |y ARXIU 
999 |c 54064  |d 54064